Joueur de foot par image (difficile) - Statistiques

Statistiques générales
  • Ce quiz a été pris 796 fois
  • Le résultat moyen est 8 sur 16
Statistiques - réponses
Par images Réponse % Correct
essien
91%
kovacic
91%
golovin
86%
sagna
72%
weah
62%
vida
56%
iglesias
55%
landreau
55%
neville
45%
alcacer
42%
iwobi
39%
quagliarella
39%
hofmann
33%
sammer
28%
cahill
23%
march
17%
Aucun quiz correspondant
Distribution des résultats
% des personnes avec chaque résultat
Percentile par nombre de réponses
Votre historique - résultats
Vous n’avez pas pris ce quiz